Making history (Record no. 70104)
[ view plain ]
| 000 -LEADER | |
|---|---|
| fixed length control field | 00816cam a2200205 4500 |
| 001 - CONTROL NUMBER | |
| control field | ABS65298 |
| 008 - FIXED-LENGTH DATA ELEMENTS--GENERAL INFORMATION | |
| fixed length control field | 020429n2002 000 0 eng u |
| 035 ## - SYSTEM CONTROL NUMBER | |
| System control number | (Sirsi) u117728 |
| 100 ## - MAIN ENTRY--PERSONAL NAME | |
| Personal name | Fairs, M |
| 245 ## - TITLE STATEMENT | |
| Title | Making history |
| 260 ## - PUBLICATION, DISTRIBUTION, ETC. | |
| Date of publication, distribution, etc. | 2002 |
| 490 ## - SERIES STATEMENT | |
| Series statement | Building |
| Volume/sequential designation | 267(8228) 5 April 2002, 38-43(5) |
| 520 ## - SUMMARY, ETC. | |
| Summary, etc. | Report on recent projects involving modular prefab design. Shows how manufacturer Yorkon and architect Cartwright Pickard have taken lessons learned at Murray Grove in east London and proved that money can be made with this type of landmark design. Prefab building design is examined in general with reference to particular projects. |
| 590 ## - LOCAL NOTE (RLIN) | |
| Local note | ABS |
| 650 ## - SUBJECT ADDED ENTRY--TOPICAL TERM | |
| Topical term or geographic name entry element | PREFABS |
| 650 ## - SUBJECT ADDED ENTRY--TOPICAL TERM | |
| Topical term or geographic name entry element | VOLUMETRIC CONSTRUCTION |
| 650 ## - SUBJECT ADDED ENTRY--TOPICAL TERM | |
| Topical term or geographic name entry element | MODULAR BUILDING |
| 690 ## - LOCAL SUBJECT ADDED ENTRY--TOPICAL TERM (OCLC, RLIN) | |
| Topical term or geographic name as entry element | BUILT ENVIRONMENT |
| 942 ## - ADDED ENTRY ELEMENTS (KOHA) | |
| Suppress in OPAC | 0 |
| Withdrawn status | Lost status | Source of classification or shelving scheme | Damaged status | Not for loan | Home library | Current library | Shelving location | Date acquired | Total Checkouts | Full call number | Barcode | Date last seen | Copy number | Price effective from | Koha item type |
|---|---|---|---|---|---|---|---|---|---|---|---|---|---|---|---|
| Dewey Decimal Classification | London | London | Journal article | 29/04/2002 | ABS65298 | 117728-1001 | 06/08/2019 | 1 | 06/08/2019 | Journal article |